|
|
|
|
| LEADER |
00958nam a22002532a 4500 |
| 001 |
000622436 |
| 003 |
CZ BrMZK |
| 005 |
20260325100109.0 |
| 007 |
ta |
| 008 |
020912s1936 xr af f cze d |
| 015 |
|
|
|a cnb000743622
|
| 035 |
|
|
|a (OCoLC)85538639
|
| 040 |
|
|
|a BOA001
|c ze
|d BOA001
|
| 041 |
0 |
|
|a cze
|a heb
|
| 100 |
1 |
|
|a Feder, Richard,
|d 1875-1970
|7 jk01030807
|4 aut
|
| 245 |
1 |
0 |
|a Haleluja :
|b hebrejská řeč.
|n díl druhý /
|c pro školy obecné, měšťanské a střední napsal Richard Feder
|
| 260 |
|
|
|a V Praze :
|b Státní nakladatelství,
|c 1936
|
| 300 |
|
|
|a 124, [I] s. :
|b [I] obr. příl. ;
|c 8°
|
| 500 |
|
|
|a Paginováno zprava do leva
|
| 910 |
|
|
|a BOA001
|b 2-0142.940,2
|b PK-II-0011.607,2
|
| 920 |
|
|
|a 000099670
|
| 990 |
|
|
|a BK
|
| 996 |
6 |
|
|b 2619693464
|c 2-0142.940,2
|l MZK
|r Sklad / do 24 hodin
|n 7
|w 000622436
|u 000010
|a 1
|e BOA001
|j MZK50
|s P
|
| 996 |
7 |
|
|b 3119965658
|c PK-II-0011.607,2
|l MZK
|r Sklad / do 1 hodiny
|n 20
|w 000622436
|u 000030
|a 1
|e BOA001
|j MZK50
|s A
|